| 000 | 00545nam a22001817a 4500 | ||
|---|---|---|---|
| 003 | OSt | ||
| 005 | 20140310181911.0 | ||
| 008 | 130712t xxu||||| |||| 00| 0 eng d | ||
| 050 |
_aBV 260 _b.J66 1997 |
||
| 082 |
_aTR 242.722 _bJ63 1996 |
||
| 245 |
_aTalking with God : _bprayers and activities based on the Lord's prayer / _cSarah Knights Johnson |
||
| 260 |
_aScotland, Great Britain : _bChristian Focus, _cc1996. |
||
| 300 |
_a40 p. _bill. ; _c20 cm. |
||
| 521 | _aFaculty | ||
| 541 | _j1 | ||
| 562 | _e1 | ||
| 942 |
_2lcc _cBK-TR _kTR |
||
| 999 |
_c6505 _d6505 |
||